| 000 | 02104nam0a2200349 i 4500 | ||
|---|---|---|---|
| 001 | RU\NLR\BIBL_A\010831153 | ||
| 005 | 20241103113740.0 | ||
| 010 |
_a9785528000237 _9300 |
||
| 021 |
_aRU _b2015-57512 _93404 |
||
| 035 | _a(NILC)RuMoRGB-007987294 | ||
| 035 | _a(NLR Aleph) 010831153 | ||
| 090 |
_a10289417 _c10289417 |
||
| 100 | _a20150910d2015 um y0rusy50 ca | ||
| 101 | 0 | _arus | |
| 102 | _aRU | ||
| 105 | _aa|||j|||000zy | ||
| 200 | 1 |
_aЭкологически безопасная эксплуатация городских внутриквартальных территорий _eучебное пособие _e[для студентов, обучающихся по направлению 270800.62 "Строительство", профиль "Городское строительство"] _fС. С. Казнов _gМ-во образования и науки Российской Федерации, Федеральное гос. бюджетное образовательное учреждение высш. проф. образования "Нижегородский гос. архитектурно-строит. ун-т" |
|
| 210 |
_aНижний Новгород _cННГАСУ _d2015 |
||
| 215 |
_a27 с. _cил., табл. _d21 |
||
| 313 | _aтв. бытовые отходы и уборка внутриквартальных территорий | ||
| 320 | _aБиблиогр.: с. 27 (5 назв.) | ||
| 606 |
_aУлицы _jУчебные издания для высших учебных заведений _xУборка _92345063 _3RU\NLR\AUTH\661401434 |
||
| 606 |
_aТвердые бытовые отходы _jУчебные издания для высших учебных заведений _92181188 _3RU\NLR\AUTH\661311672 |
||
| 686 | 1 | _aН931я73-1 | |
| 700 | 1 |
_aКазнов _bС. С. _gСтанислав Станиславович |
|
| 801 | 0 |
_aRU _bРГБ _c20150730 _gRCR |
|
| 801 | 2 |
_aRU _bРГБ _c20150803 _grcr |
|
| 801 | 1 |
_aRU _bРГБ _c20150730 _2rusmarc |
|
| 942 | _cBOOK | ||
| 980 | _aNBR | ||